Paesi europei non membri dell'UE o della NATO - Statistics

Statistiche generali
  • Questo quiz è stato fatto 175 volte
  • Il punteggio medio è 21 su 28
Statistiche sulle risposte
% Corretto
Russia
90%
Serbia
89%
Andorra
88%
Kosovo
88%
San Marino
87%
Svizzera
87%
Bielorussia
86%
Ucraina
86%
Città del Vaticano
85%
Norvegia
85%
Liechtenstein
81%
Montenegro
81%
Svezia
79%
Albania
78%
Finlandia
77%
Macedonia del Nord
77%
Bosnia ed Erzegovina
75%
Moldavia
75%
Monaco
75%
Malta
74%
Regno Unito
73%
Islanda
72%
Turchia
67%
Irlanda
63%
Austria
61%
Georgia
36%
Azerbaijan
31%
Kazakistan
14%
Nessun quiz corrispondente trovato
Distribuzione punteggi
Percentuale di utenti per punteggio
Percentile per numero di risposta
I tuoi punteggi nel tempo
Non hai fatto questo quiz